<?xml version="1.0" encoding="UTF-8"?>
<record
    xmlns:xsi="http://www.w3.org/2001/XMLSchema-instance"
    xsi:schemaLocation="http://www.loc.gov/MARC21/slim http://www.loc.gov/standards/marcxml/schema/MARC21slim.xsd"
    xmlns="http://www.loc.gov/MARC21/slim">

  <leader>01548nam a2200313   4500</leader>
  <controlfield tag="001">232</controlfield>
  <controlfield tag="003">OSt</controlfield>
  <controlfield tag="005">20250528074015.0</controlfield>
  <controlfield tag="008">250204b        |||||||e |||| 00| 0 eng d</controlfield>
  <datafield tag="020" ind1=" " ind2=" ">
    <subfield code="a">8525413259</subfield>
  </datafield>
  <datafield tag="040" ind1=" " ind2=" ">
    <subfield code="b">por</subfield>
  </datafield>
  <datafield tag="041" ind1=" " ind2=" ">
    <subfield code="h">eng</subfield>
    <subfield code="a">por</subfield>
  </datafield>
  <datafield tag="082" ind1=" " ind2=" ">
    <subfield code="a">813</subfield>
    <subfield code="b">F216m</subfield>
  </datafield>
  <datafield tag="100" ind1="1" ind2=" ">
    <subfield code="a">Fante, John,</subfield>
    <subfield code="d">1909-1983.</subfield>
    <subfield code="9">433</subfield>
  </datafield>
  <datafield tag="240" ind1=" " ind2=" ">
    <subfield code="a">1933 was a bad year</subfield>
  </datafield>
  <datafield tag="245" ind1=" " ind2=" ">
    <subfield code="a">1933 foi um ano ruim /</subfield>
    <subfield code="c">Fante, John ; Tradu&#xE7;&#xE3;o de L&#xFA;cia Brito</subfield>
  </datafield>
  <datafield tag="260" ind1=" " ind2=" ">
    <subfield code="a">Porto Alegre</subfield>
    <subfield code="b">L&amp;PM</subfield>
    <subfield code="c">2003</subfield>
  </datafield>
  <datafield tag="300" ind1=" " ind2=" ">
    <subfield code="a">138 p.</subfield>
  </datafield>
  <datafield tag="520" ind1=" " ind2=" ">
    <subfield code="a">No fundo do estado norte-americano do Colorado, Dominic Molise, 17 anos, filho de um pedreiro e uma dona-de-casa temente a Deus, ambos imigrantes italianos, sonha em fugir do frio, ir para a Calif&#xF3;rnia e tornar-se um grande arremessador de baseball, gra&#xE7;as ao seu vigoroso bra&#xE7;o esquerdo - d&#xE1;diva concedida &#xE0; mis&#xE9;ria da sua vida. Enquanto isso n&#xE3;o acontece, ele atura a av&#xF3; ranzinza, os irm&#xE3;os e o pai, que trai a sua m&#xE3;e, pede segredo ao filho e ainda por cima desdenha dos seus sonhos esportivos, querendo transform&#xE1;-lo em pedreiro como ele. Dominic freq&#xFC;enta a casa de Kenny, filho de um dos homens mais ricos da cidade, e apaixona-se por Dorothy, a refinada irm&#xE3; do amigo. 1933 &#xE9; um ano ruim porque Dominic depara-se com as impossibilidad</subfield>
  </datafield>
  <datafield tag="650" ind1=" " ind2="0">
    <subfield code="a">Literatura Americana</subfield>
    <subfield code="9">84</subfield>
  </datafield>
  <datafield tag="650" ind1=" " ind2="0">
    <subfield code="a">Hist&#xF3;rico</subfield>
    <subfield code="9">53</subfield>
  </datafield>
  <datafield tag="650" ind1=" " ind2="0">
    <subfield code="a">Esporte</subfield>
    <subfield code="9">434</subfield>
  </datafield>
  <datafield tag="650" ind1=" " ind2="0">
    <subfield code="a">Drama</subfield>
    <subfield code="9">18</subfield>
  </datafield>
  <datafield tag="650" ind1=" " ind2="0">
    <subfield code="a">Familia</subfield>
    <subfield code="9">35</subfield>
  </datafield>
  <datafield tag="655" ind1=" " ind2="0">
    <subfield code="a">Romance</subfield>
    <subfield code="9">23</subfield>
  </datafield>
  <datafield tag="655" ind1=" " ind2="0">
    <subfield code="a">Fic&#xE7;&#xE3;o </subfield>
    <subfield code="9">22</subfield>
  </datafield>
  <datafield tag="700" ind1=" " ind2=" ">
    <subfield code="a">L&#xFA;cia Brito</subfield>
    <subfield code="e">Tradutor</subfield>
    <subfield code="9">435</subfield>
  </datafield>
  <datafield tag="942" ind1=" " ind2=" ">
    <subfield code="2">ddc</subfield>
    <subfield code="n">0</subfield>
    <subfield code="c">BK</subfield>
  </datafield>
  <datafield tag="952" ind1=" " ind2=" ">
    <subfield code="0">0</subfield>
    <subfield code="1">0</subfield>
    <subfield code="2">ddc</subfield>
    <subfield code="4">0</subfield>
    <subfield code="7">0</subfield>
    <subfield code="8">FIC</subfield>
    <subfield code="a">BIBIB</subfield>
    <subfield code="b">BIBIB</subfield>
    <subfield code="c">LE</subfield>
    <subfield code="d">2008-09-12</subfield>
    <subfield code="e">doa&#xE7;&#xE3;o</subfield>
    <subfield code="l">0</subfield>
    <subfield code="o">813 / F216m</subfield>
    <subfield code="p">2025-13545</subfield>
    <subfield code="r">2025-02-04 07:53:18</subfield>
    <subfield code="w">2025-02-04</subfield>
    <subfield code="y">BK</subfield>
  </datafield>
  <datafield tag="999" ind1=" " ind2=" ">
    <subfield code="c">232</subfield>
    <subfield code="d">232</subfield>
  </datafield>
</record>
